| 000 | 00770nam a2200217 i 4500 | ||
|---|---|---|---|
| 001 | 59801 | ||
| 003 | ES-MaACL | ||
| 005 | 20250727062557.0 | ||
| 007 | t| | ||
| 008 | 031030s1913 sp ||||1| spa d | ||
| 080 | _a330.84/.85 | ||
| 100 | 1 |
_aEngels, Friedrich. _947225 |
|
| 245 | 1 | 0 |
_aAnti-Dühring o la revolución de la ciencia de Eugenio Dühring / _cpor Frederich Engels ; traducción de José Verdes Montenegro y Montoro. |
| 260 |
_aMadrid : _b[s.n., _c1913] ( _fJuan Pueyo) |
||
| 300 |
_a442 p. ; _c23 cm. |
||
| 600 | 1 | 4 |
_aDühring, Eugen Karl- _xCrítica e interpretación. _945948 |
| 650 | 7 |
_aSocialismo _2embne _917147 |
|
| 700 | 1 |
_aVerdes Montenegro y Montoro, José, _d1865-1939 _9114027 |
|
| 852 | 4 |
_aES-MaACL _jF-14863 |
|
| 999 |
_c59801 _d59801 |
||